000 00539nam a2200169Ia 4500
008 090201s9999 xx 000 0 und d
010 _aKPL-59907
040 _bमराठी
041 _aमराठी
082 _a4004
_b59907
100 _aशिरीष कणेकर
245 _aनट बोलट बोलपट
_cशिरीष कणेकर
260 _c1999
_bश्रीकल्प प्रकाशन
300 _a226
_bमोठा
600 _aनट बोलट बोलपट
942 _cBOOK
999 _c205086
_d205086